|
|
|
|
| LEADER |
00790cam a2200205 7i4500 |
| 001 |
0000001570 |
| 005 |
20170218090000.0 |
| 020 |
|
|
|a 983203101X (pbk.)
|
| 090 |
0 |
0 |
|a QA76
|b .P87 1998
|
| 100 |
0 |
|
|a Murugappan, Palani
|
| 245 |
1 |
0 |
|a Windows 98 & Internet Explorer 4.0 :
|b tips & shortcuts
|c Palani Murugappan.
|
| 246 |
3 |
|
|a Windows 98 and Internet Explorer 4.0.
|
| 260 |
|
|
|a Kuala Lumpur:
|b Venton Pub.,
|c 1998.
|
| 300 |
|
|
|a ix, 161 p.:
|b ill.;
|c 26 cm.
|
| 490 |
0 |
|
|a Tips & shortcuts series
|
| 650 |
0 |
0 |
|a Microsoft Windows (Computer file)
|
| 650 |
0 |
0 |
|a Operating systems (Computers)
|
| 997 |
|
|
|a Communication, Visual Art & Computing, Faculty
|b Computing, Department
|
| 999 |
|
|
|a 0000002023
|b BOK
|c OPEN SHELF
|e 2nd Floor, Bestari Jaya
|
| 999 |
|
|
|a 0000022507
|b BOK
|c OPEN SHELF
|e 2nd Floor, Bestari Jaya
|